Normal view
MARC view
- MILLAIS,MALCOLM
Entry Personal Name
001 - CONTROL NUMBER
- control field: 90173
003 - CONTROL NUMBER IDENTIFIER
- control field: NUST
005 - DATE AND TIME OF LATEST TRANSACTION
- control field: 20220302160028.0
008 - FIXED-LENGTH DATA ELEMENTS
- fixed length control field: 220302|| aca||aabn | a|a d
040 ## - CATALOGING SOURCE
- Original cataloging agency: NUST
- Transcribing agency: NUST
100 ## - HEADING--PERSONAL NAME
- Personal name: MILLAIS,MALCOLM
670 ## - SOURCE DATA FOUND
- Source citation: Work cat.: (NUST): MILLAIS,MALCOLM., BUILDING STRUCTURES /, 2017.
